the Bhagavad Gita (Record no. 37328)
[ view plain ]
| 000 -LEADER | |
|---|---|
| fixed length control field | 00812nam a22001937a 4500 |
| 010 ## - LCCN (DPL NO) | |
| LC control number | ENG-96774 |
| 020 ## - INTERNATIONAL STANDARD BOOK NUMBER | |
| International Standard Book Number | 9788120747425 |
| Terms of availability | 200.00 |
| 035 ## - SYSTEM CONTROL NUMBER | |
| System control number | EN-80307 |
| 037 ## - SOURCE OF ACQUISITION | |
| Source of stock number/acquisition | DBAD/PUB |
| 082 ## - DEWEY DECIMAL CLASSIFICATION NUMBER | |
| Classification number | 230.1 |
| 245 ## - TITLE STATEMENT | |
| Title | the Bhagavad Gita |
| Remainder of title | the Lord's song: translated form the sanskrit line by line in the Metre of the original |
| Statement of responsibility, etc | edition by John R. de Lingen [and] edited by Pahlad Ramsurrun |
| 260 ## - PUBLICATION, DISTRIBUTION, ETC. (IMPRINT) | |
| Place of publication, distribution, etc | New Delhi |
| Name of publisher, distributor, etc | Sterling Paperbacks |
| Date of publication, distribution, etc | 2009 |
| 270 ## - ADDRESS | |
| Address | A-59, Okhla Industrial Area, Phase-II |
| Postal code | 110020 |
| 300 ## - PHYSICAL DESCRIPTION | |
| Extent | xxiv, 101 |
| Dimensions | 24 cm (pbk) |
| 700 ## - ADDED ENTRY--PERSONAL NAME | |
| Personal name | Lingen, John R. de |
| 9 (RLIN) | 912 |
| 700 ## - ADDED ENTRY--PERSONAL NAME | |
| Personal name | Ramsurrun, Pahlad |
| 9 (RLIN) | 913 |
| 942 ## - ADDED ENTRY ELEMENTS (KOHA) | |
| Source of classification or shelving scheme | Dewey Decimal Classification |
| Item type | English Books |
| Classification part | 230.1 |
| Call number suffix | BHA |
| Withdrawn status | Lost status | Not for loan | Collection code | Home library | Current library | Date acquired | Source of acquisition | Cost, normal purchase price | Full call number | Barcode | Copy number | Cost, replacement price | Koha item type |
|---|---|---|---|---|---|---|---|---|---|---|---|---|---|
| Not For Loan | Non-fiction | D.B.Act.Division | D.B.Act.Division | 23/07/2010 | DBAD/PUB | 200.00 | 230.1 BHA | EN-80307 | 1 | 200.00 | English Books |
